[Event "belive in your chess"]
[Site "SchemingMind.com"]
[Date "2007.12.03"]
[Round "-"]
[White "Chess_Man01"]
[Black "JasonY1982"]
[Result "1/2-1/2"]
[WhiteCountry "GBR"]
[BlackCountry "USA"]
[WhiteElo "2263"]
[WhiteRD "56"]
[BlackElo "2054"]
[BlackRD "63"]
[GameID "131741"]

1. e4 c5 2. Nf3 d6 3. d4 cxd4 4. Nxd4 Nf6 5. Nc3 a6 6. Be3 e6 7. f3 Be7 8. Bc4 O-O 9. Qd2 Qc7 10. Bb3 Nc6
11. O-O Na5 12. Qf2 Nxb3 13. axb3 Bd7 14. Qg3 Kh8 15. f4 Bc6 16. Nxc6 Qxc6 17. e5 Nd5 18. Nxd5 Qxd5 19. Rad1 Qc6 20. c3 Rad8
21. b4 Qe4 22. Bb6 Rd7 23. f5 exf5 24. exd6 Bd8 25. Bd4 Qg4 26. c4 Qxg3 27. hxg3 Kg8 28. c5 g6 29. Rfe1 h6 30. Re2 Kh7
31. Rde1 h5 32. Kf2 Kg8 33. Kf3 Kh7 34. Rc2 Bg5 35. b3 Bd8 36. Bb2 Bg5 37. Rce2 Bd8 38. Kf2 Bg5 39. Re8 Kg8 40. Bc3 Bd8
41. Kg1 Bg5 42. Kf1 Bd8= 43. R8e2 f6 44. Re6 Kf7 45. Kf2 Rh8 46. Kf3 h4 47. gxh4 Rxh4 48. R6e2 g5 49. g3 Rh3 50. Kg2 Rh8
51. Rf1 Kg6 52. Bd4 g4 53. Rf4 Rh5 54. Bg1 Rh8 55. Re1=
1/2-1/2

[Event "belive in your chess"]
[Site "SchemingMind.com"]
[Date "2007.12.05"]
[Round "-"]
[White "MichaelDV"]
[Black "keen"]
[Result "1-0"]
[WhiteCountry "SWE"]
[BlackCountry "SCO"]
[WhiteElo "2359"]
[WhiteRD "70"]
[BlackElo "1766"]
[BlackRD "67"]
[GameID "131780"]

1. d4 d5 2. Nf3 Nf6 3. c4 e6 4. g3 Be7 5. Bg2 O-O 6. O-O b6 7. cxd5 exd5 8. Nc3 Bb7 9. Bf4 Nbd7 10. Rc1 h6
11. Nb5 c6 12. Nd6 Bxd6 13. Bxd6 Re8 14. Re1 Ne4 15. Bf4 f6 16. Nd2 Nxd2 17. Qxd2 Rc8 18. e4 Nf8 19. e5 Ne6 20. exf6 Qxf6
21. Be5 Qf7 22. f4 Qf5 23. Rc3 Nf8 24. Rb3 Ba6 25. Ra3 Bb5 26. Rxa7 Ne6 27. a4 Bd3 28. g4
1-0

[Event "belive in your chess"]
[Site "SchemingMind.com"]
[Date "2007.12.04"]
[Round "-"]
[White "MichaelDV"]
[Black "littleboo"]
[Result "1-0"]
[WhiteCountry "SWE"]
[BlackCountry "USA"]
[WhiteElo "2359"]
[WhiteRD "70"]
[BlackElo "1949"]
[BlackRD "88"]
[GameID "131781"]

1. Nf3 Nc6 2. d4 Nf6 3. c4 d5 4. Nc3 e6 5. Bg5 Bb4 6. e3 O-O 7. Bd3 h6 8. Bh4 g5 9. Bg3 Ne4 10. Qc2 Nxg3
11. hxg3 g4 12. Ne5 Nxe5 13. dxe5 Qg5 14. O-O-O c6 15. Rh4 f5 16. Rdh1 dxc4 17. Bxc4 b5 18. Ne4 fxe4 19. Qxe4 bxc4 20. Rxg4 Rf5
21. Rxg5+ hxg5 22. Qxc6 Rb8 23. Qc7 Bd2+ 24. Kxd2 Rxb2+ 25. Kc3 Rfxf2 26. Qh7+ Kf8 27. Qh8+ Kf7 28. e4 Rbc2+ 29. Kb4 Rb2+ 30. Kc5
1-0

[Event "belive in your chess"]
[Site "SchemingMind.com"]
[Date "2007.12.04"]
[Round "-"]
[White "MichaelDV"]
[Black "z"]
[Result "1-0"]
[WhiteCountry "SWE"]
[BlackCountry "IRQ"]
[WhiteElo "2359"]
[WhiteRD "70"]
[BlackElo "1825"]
[BlackRD "57"]
[GameID "131782"]

1. d4 f5 2. g3 e6 3. Bg2 Nf6 4. Nf3 Be7 5. O-O O-O 6. c4 d6 7. Nc3 Nc6 8. d5 Ne5 9. Nd4 Nxc4 10. Nxe6 Bxe6
11. dxe6 c6 12. Qd3 d5 13. Qxf5 Ne4 14. Qg4 Nxc3 15. bxc3 Qa5 16. e4 Qxc3 17. Rb1 Nb6 18. Bb2 h5 19. Qg6 Rf6 20. Qf7+ Rxf7
21. exf7+ Kxf7 22. Bxc3 dxe4 23. Bxe4
1-0

[Event "belive in your chess"]
[Site "SchemingMind.com"]
[Date "2007.12.07"]
[Round "-"]
[White "MichaelDV"]
[Black "badbishop"]
[Result "1/2-1/2"]
[WhiteCountry "SWE"]
[BlackCountry "POL"]
[WhiteElo "2316"]
[WhiteRD "63"]
[BlackElo "2264"]
[BlackRD "71"]
[GameID "131783"]

1. d4 Nf6 2. Nf3 g6 3. c4 Bg7 4. Nc3 d6 5. e4 O-O 6. Be2 Nbd7 7. O-O e5 8. Be3 Re8 9. d5 Nh5 10. g3 a5
11. a3 Bf8 12. b4 Ng7 13. Qc2 Be7 14. c5 dxc5 15. bxc5 Bxc5 16. Nb5 b6 17. Bg5 f6 18. Bd2 Rf8 19. Bc4 Kh8 20. Rfd1 Ne8
21. a4 Nd6 22. Bd3 Ba6 23. Bh6 Re8 24. Bd2=
1/2-1/2

[Event "belive in your chess"]
[Site "SchemingMind.com"]
[Date "2007.12.07"]
[Round "-"]
[White "MichaelDV"]
[Black "drunkenmaster"]
[Result "0-1"]
[WhiteCountry "SWE"]
[BlackCountry "PHI"]
[WhiteElo "2316"]
[WhiteRD "63"]
[BlackElo "1969"]
[BlackRD "79"]
[GameID "131784"]

1. d4 Nf6 2. Nf3 d6 3. c4 Bg4 4. Nc3 Bxf3 5. exf3 e6 6. d5 Be7 7. Bd3 exd5 8. cxd5 Nbd7 9. O-O O-O 10. Re1 Re8
11. Be3 Bf8 12. a4 Nc5 13. b4 Nxd3 14. Qxd3 h6 15. Rec1 a6 16. a5 g6 17. b5 Re7 18. Rab1 Bg7 19. bxa6 bxa6 20. Na2 Qd7
21. Nb4 Qa4 22. Nc6 Ree8 23. Rb7 Qa2 24. Rd1 Nd7 25. Rxc7 Ne5 26. Nxe5 Rxe5 27. Rc6 Qxa5 28. f4 Ree8 29. Rxd6 Red8 30. g3 Rxd6
0-1

[Event "belive in your chess"]
[Site "SchemingMind.com"]
[Date "2007.12.08"]
[Round "-"]
[White "MichaelDV"]
[Black "Schaakmaatje"]
[Result "1-0"]
[WhiteCountry "SWE"]
[BlackCountry "NED"]
[WhiteElo "2359"]
[WhiteRD "70"]
[BlackElo "1755"]
[BlackRD "48"]
[GameID "131785"]

1. d4 d5 2. Nf3 Bf5 3. c4 c6 4. Nc3 g6 5. cxd5 cxd5 6. Qb3 e6 7. Qxb7 Nd7 8. Bf4 Ngf6 9. Rc1 Be7 10. Nh4 O-O
11. Nxf5 gxf5 12. e3 Rb8 13. Bxb8 Nxb8 14. Be2 Kh8 15. O-O Ne4 16. Nxe4 fxe4 17. Qxa7
1-0

[Event "belive in your chess"]
[Site "SchemingMind.com"]
[Date "2007.12.04"]
[Round "-"]
[White "MichaelDV"]
[Black "JasonY1982"]
[Result "1-0"]
[WhiteCountry "SWE"]
[BlackCountry "USA"]
[WhiteElo "2370"]
[WhiteRD "72"]
[BlackElo "1955"]
[BlackRD "64"]
[GameID "131786"]

1. d4 Nf6 2. Nf3 g6 3. c4 Bg7 4. Nc3 O-O 5. e4 d6 6. Be2 e5 7. O-O Nc6 8. d5 Ne7 9. b4 Nh5 10. Re1 f5
11. Ng5 Nf4 12. Bxf4 exf4 13. Rc1 h6 14. Ne6 Bxe6 15. dxe6 fxe4 16. Nxe4 Nc6 17. c5 Nd4 18. Bc4 Qe7 19. Nc3 Kh8 20. Nd5
1-0

[Event "belive in your chess"]
[Site "SchemingMind.com"]
[Date "2007.12.04"]
[Round "-"]
[White "MichaelDV"]
[Black "Chess_Man01"]
[Result "1/2-1/2"]
[WhiteCountry "SWE"]
[BlackCountry "GBR"]
[WhiteElo "2316"]
[WhiteRD "63"]
[BlackElo "2289"]
[BlackRD "59"]
[GameID "131787"]

1. d4 Nf6 2. Nf3 b6 3. c4 Bb7 4. g3 e6 5. Bg2 Be7 6. O-O O-O 7. d5 exd5 8. Nh4 c6 9. cxd5 cxd5 10. Nc3 Na6
11. Nf5 Nc5 12. Bg5 Nce4 13. Nxd5 Bxd5 14. Bxf6 Nxf6 15. Bxd5 Nxd5 16. Qxd5 Bc5= 17. a3 a5 18. b4 axb4 19. axb4 Rxa1 20. Rxa1 Bxb4
21. Rd1 Qf6 22. Qxd7 Bc5 23. e3 g6 24. Nd6 h6 25. Ne4 Qf3= 26. Qd5 Rc8 27. Rc1 Re8=
1/2-1/2

[Event "belive in your chess"]
[Site "SchemingMind.com"]
[Date "2007.12.05"]
[Round "-"]
[White "keen"]
[Black "MichaelDV"]
[Result "0-1"]
[WhiteCountry "SCO"]
[BlackCountry "SWE"]
[WhiteElo "1759"]
[WhiteRD "65"]
[BlackElo "2347"]
[BlackRD "64"]
[GameID "131788"]

1. Nf3 Nf6 2. g3 d5 3. Bg2 c6 4. O-O Bg4 5. d3 Nbd7 6. Nbd2 e5 7. b3 Bd6 8. Bb2 O-O 9. Re1 Re8 10. e4 a5
11. h3 Bxf3 12. Nxf3 dxe4 13. dxe4 Qe7 14. Qe2 Ba3 15. c4 Bxb2 16. Qxb2 Nc5 17. Qc2 Rad8 18. Bf1 Rd7 19. Re3 Red8 20. Qc3 Nfxe4
21. Qxe5 Qxe5 22. Nxe5 Rd2 23. f3 Nxg3 24. Rae1 Nxf1 25. Kxf1 f6 26. Ng4 Rxa2 27. R3e2 Rxe2 28. Rxe2 Nxb3
0-1

[Event "belive in your chess"]
[Site "SchemingMind.com"]
[Date "2007.12.04"]
[Round "-"]
[White "littleboo"]
[Black "MichaelDV"]
[Result "0-1"]
[WhiteCountry "USA"]
[BlackCountry "SWE"]
[WhiteElo "1915"]
[WhiteRD "87"]
[BlackElo "2347"]
[BlackRD "64"]
[GameID "131789"]

1. e4 c5 2. Nc3 Nc6 3. Nf3 d6 4. d4 cxd4 5. Nxd4 Nf6 6. Bb5 Bd7 7. O-O e6 8. Be3 Be7 9. Nxc6 Bxc6 10. Bxc6+ bxc6
11. Qf3 d5 12. Qg3 Qb8 13. Qxg7 Rg8 14. Qh6 Rg6 15. Qh4 Qxb2 16. Bd4 Qxc2 17. Rac1 Qd3 18. Be5 Nd7 19. Qxh7 Nxe5 20. Qh8+ Kd7
21. Qh5 Rag8 22. g3 Nf3+ 23. Kh1 Ba3 24. exd5 Bxc1 25. dxe6+ Rxe6 26. Rxc1 Rge8 27. Qxf7+ R8e7 28. Na4 Qd5 29. Nc5+ Kc8 30. Qg8+ Re8
31. Qg4 Nxh2+ 32. Kxh2 Rh8+
0-1

[Event "belive in your chess"]
[Site "SchemingMind.com"]
[Date "2007.12.04"]
[Round "-"]
[White "z"]
[Black "MichaelDV"]
[Result "0-1"]
[WhiteCountry "IRQ"]
[BlackCountry "SWE"]
[WhiteElo "1832"]
[WhiteRD "55"]
[BlackElo "2347"]
[BlackRD "64"]
[GameID "131790"]

1. b4 e5 2. Bb2 Bxb4 3. Bxe5 Nf6 4. a3 Ba5 5. c4 O-O 6. Nf3 Nc6 7. Bc3 d5 8. e3 Be6 9. Qb3 Bxc3 10. Qxc3 d4
11. Qc2 Re8 12. Be2 Qd7 13. d3 dxe3 14. fxe3 Ng4 15. Qd2 Nxe3 16. Qxe3 Bg4 17. Qf2 Bxf3 18. gxf3 Qxd3 19. Kf1 Qc2 20. f4 Qb2
21. Kg2 Qxa1 22. Bf3 Qf6 23. Nd2 Qxf4 24. Rf1 Rad8 25. Bd5 Qxf2+ 26. Rxf2 Ne5 27. Nf3 Nxf3 28. Rxf3 Re7 29. Bxb7 g6 30. Bd5 Kg7
31. h4 f5 32. h5 Re2+ 33. Kg3 Rd2 34. hxg6 hxg6 35. Rc3 c6 36. Bxc6 R8d3+ 37. Rxd3 Rxd3+ 38. Kf4 Kf6
0-1

[Event "belive in your chess"]
[Site "SchemingMind.com"]
[Date "2007.12.07"]
[Round "-"]
[White "badbishop"]
[Black "MichaelDV"]
[Result "1/2-1/2"]
[WhiteCountry "POL"]
[BlackCountry "SWE"]
[WhiteElo "2236"]
[WhiteRD "69"]
[BlackElo "2359"]
[BlackRD "70"]
[GameID "131791"]

1. e4 c5 2. Nf3 Nc6 3. Bb5 e6 4. Bxc6 bxc6 5. d3 Ne7 6. Qe2 Qc7 7. Ng5 Ng6 8. f4 c4 9. dxc4 Ba6 10. b3 Nxf4=
1/2-1/2

[Event "belive in your chess"]
[Site "SchemingMind.com"]
[Date "2007.12.07"]
[Round "-"]
[White "drunkenmaster"]
[Black "MichaelDV"]
[Result "0-1"]
[WhiteCountry "PHI"]
[BlackCountry "SWE"]
[WhiteElo "1969"]
[WhiteRD "79"]
[BlackElo "2316"]
[BlackRD "63"]
[GameID "131792"]

1. Nf3 Nf6 2. c4 e6 3. d4 d5 4. Nc3 c6 5. Bg5 dxc4 6. e4 b5 7. e5 h6 8. Bh4 g5 9. Nxg5 hxg5 10. Bxg5 Nbd7
11. exf6 Bb7 12. g3 c5 13. d5 Qb6 14. Bg2 O-O-O 15. O-O b4 16. Na4 Qb5 17. a3 Nb8 18. axb4 cxb4 19. Qd4 Nc6 20. dxc6 Rxd4
21. cxb7+ Kc7 22. Be3 e5 23. Rfc1 Bh6 24. Bxd4 exd4 25. Re1 d3 26. Re7+ Kb8 27. Rxf7 d2
0-1

[Event "belive in your chess"]
[Site "SchemingMind.com"]
[Date "2007.12.08"]
[Round "-"]
[White "Schaakmaatje"]
[Black "MichaelDV"]
[Result "0-1"]
[WhiteCountry "NED"]
[BlackCountry "SWE"]
[WhiteElo "1755"]
[WhiteRD "48"]
[BlackElo "2359"]
[BlackRD "70"]
[GameID "131793"]

1. e4 c5 2. f4 d5 3. Nf3 dxe4 4. Ne5 Nd7 5. Bc4 Nxe5 6. fxe5 Qd4 7. Qe2 Qxe5 8. O-O Nf6 9. Nc3 e6 10. d3 Bd6
11. Bf4 Qd4+ 12. Be3 exd3 13. cxd3 Bxh2+ 14. Kh1 Qh4 15. Rf3 Bg3+
0-1

[Event "belive in your chess"]
[Site "SchemingMind.com"]
[Date "2007.12.04"]
[Round "-"]
[White "JasonY1982"]
[Black "MichaelDV"]
[Result "0-1"]
[WhiteCountry "USA"]
[BlackCountry "SWE"]
[WhiteElo "1936"]
[WhiteRD "60"]
[BlackElo "2347"]
[BlackRD "64"]
[GameID "131794"]

1. e4 c5 2. Nf3 d6 3. d4 cxd4 4. Nxd4 Nf6 5. Nc3 Nc6 6. g3 Qb6 7. Nb3 Bg4 8. f3 Be6 9. Qe2 Nb4 10. Bg5 a6
11. O-O-O Nxa2+ 12. Nxa2 Bxb3 13. cxb3 Qc5+ 14. Kb1 Qxg5 15. f4 Qg4 16. Qe1 Nxe4 17. Bg2 Nc5 18. Qe3 Qf5+ 19. Ka1 Qc2 20. Bd5 a5
21. Rc1 Qd3 22. Qxd3 Nxd3 23. Bxb7 Nxc1 24. Bxa8 Nxb3+ 25. Kb1 g6 26. Bc6+ Kd8 27. Bd5 Nd4 28. Nc3 e6 29. Rd1 Bg7 30. Bg2 d5
31. Na4 Ke7 32. Rc1 Kd6 33. Ka2 h5 34. Rc5 Nc6 35. Rb5 Rb8 36. Rxb8 Nxb8 37. b3 Nd7 38. Bf1 Kc6 39. Kb1 Bd4 40. Bd3 Bg1
41. h3 Bh2 42. g4 hxg4 43. hxg4 Bxf4 44. Kc2 Nc5 45. Nxc5 Kxc5 46. Kc3 Be5+ 47. Kd2 Kd4 48. Bc2 Bf4+ 49. Ke2 e5 50. Bd1 f5
51. gxf5 gxf5 52. Bc2 e4 53. Bd1 Kc3
0-1

[Event "belive in your chess"]
[Site "SchemingMind.com"]
[Date "2007.12.04"]
[Round "-"]
[White "Chess_Man01"]
[Black "MichaelDV"]
[Result "0-1"]
[WhiteCountry "GBR"]
[BlackCountry "SWE"]
[WhiteElo "2210"]
[WhiteRD "71"]
[BlackElo "2347"]
[BlackRD "64"]
[GameID "131795"]

1. e4 c5 2. Nf3 d6 3. d4 cxd4 4. Nxd4 Nf6 5. Nc3 Nc6 6. f3 e5 7. Nb3 Be7 8. Be3 O-O 9. Qd2 a5 10. Bb5 Na7
11. Be2 Nc6 12. Na4 Be6 13. c4 Nd7 14. Rb1 b6 15. O-O Nc5 16. Nc3= a4 17. Na1 Nd4 18. Bxd4 exd4 19. Nd5 Bxd5 20. cxd5 Bg5
21. Nc2= Bxd2
0-1

[Event "belive in your chess"]
[Site "SchemingMind.com"]
[Date "2007.12.05"]
[Round "-"]
[White "Brodaty"]
[Black "keen"]
[Result "1-0"]
[WhiteCountry "POL"]
[BlackCountry "SCO"]
[WhiteElo "2152"]
[WhiteRD "99"]
[BlackElo "1759"]
[BlackRD "65"]
[GameID "131892"]

1. d4 d5 2. c4 e6 3. Nc3 Nf6 4. cxd5 exd5 5. Bg5 c6 6. Qc2 Be7 7. e3 Nbd7 8. Bd3 h6 9. Bh4 O-O 10. Nf3 Re8
11. Bg3 Ne4 12. Bxe4 dxe4 13. Nxe4 Bb4+ 14. Nc3 Nf6 15. O-O Be6 16. a3 Ba5 17. b4 Bc7 18. Bxc7 Qxc7 19. Rac1 Rac8 20. Ne5 Nd7
21. f4 Nxe5 22. fxe5 Qe7 23. Ne4 Rf8 24. Nd6 Rc7 25. b5 Rd8 26. Qe4 Bd5 27. Qf4 Qg5 28. Qxg5 Rdd7 29. Qf4
1-0

[Event "belive in your chess"]
[Site "SchemingMind.com"]
[Date "2007.12.05"]
[Round "-"]
[White "Brodaty"]
[Black "littleboo"]
[Result "1-0"]
[WhiteCountry "POL"]
[BlackCountry "USA"]
[WhiteElo "2258"]
[WhiteRD "91"]
[BlackElo "1867"]
[BlackRD "86"]
[GameID "131893"]

1. d4 d5 2. Nf3 Bf5 3. c4 Nf6 4. Nc3 dxc4 5. Ne5 Nbd7 6. Nxc4 Nb6 7. Nxb6 axb6 8. f3 e5 9. dxe5 Qxd1+ 10. Kxd1 O-O-O+
11. Ke1 Nd7 12. e4 Be6 13. Bg5 f6 14. exf6 gxf6 15. Be3 Bb4 16. Kf2 Ne5 17. Be2 Nd3+ 18. Bxd3 Bxc3 19. bxc3 Rxd3 20. Rac1 Rhd8
21. a3 b5 22. g4 Bc4 23. h4 R8d6 24. Bd4 Rd2+ 25. Kg3 b6 26. g5 fxg5 27. hxg5 Rd7 28. Rcg1 c5 29. Be5 Kb7 30. Rh6 Ra2
31. Rgh1 Bg8 32. Rf6 Rxa3 33. Rhh6 Ra6 34. Rf8 Ba2 35. Rh8 b4 36. cxb4 cxb4 37. R8xh7 Rxh7 38. Rxh7+ Kc8 39. g6 b5 40. g7 Rg6+
41. Kf4 Rg1 42. Rh5 Bc4 43. Rg5 Rxg5 44. Kxg5 Kd7 45. Kf6 Bg8 46. f4 Ke8 47. Bb2 b3 48. e5 Kd7 49. f5 Ke8 50. e6 Kd8
51. Ke5 Ke7 52. f6+ Ke8 53. Kd6 Bf7 54. exf7+ Kxf7 55. Kd7 b4 56. Kd8 Ke6 57. g8=Q+ Kd6 58. Qe8
1-0

[Event "belive in your chess"]
[Site "SchemingMind.com"]
[Date "2007.12.04"]
[Round "-"]
[White "Brodaty"]
[Black "MichaelDV"]
[Result "1/2-1/2"]
[WhiteCountry "POL"]
[BlackCountry "SWE"]
[WhiteElo "2207"]
[WhiteRD "91"]
[BlackElo "2316"]
[BlackRD "63"]
[GameID "131894"]

1. d4 Nf6 2. c4 e6 3. g3 d5 4. Bg2 Be7 5. Nf3 O-O 6. O-O dxc4 7. Qc2 a6 8. Qxc4 b5 9. Qc2 Bb7 10. Bd2 Bd6
11. Rd1 Nbd7 12. Ba5 Qb8 13. b4 e5 14. Nbd2 exd4 15. Nxd4 Bxg2 16. Kxg2 c5 17. Nf5 Rc8 18. Ne4 cxb4 19. Qd3 Nxe4 20. Qxe4 Nf6
21. Qf3 Bf8 22. Rab1 g6 23. Ne3 Qe5 24. Bxb4 Re8 25. a4 Bxb4 26. Rxb4 Rad8 27. Rxd8 Rxd8 28. axb5 axb5 29. Qb7 Nd5=
1/2-1/2

[Event "belive in your chess"]
[Site "SchemingMind.com"]
[Date "2007.12.04"]
[Round "-"]
[White "Brodaty"]
[Black "z"]
[Result "1-0"]
[WhiteCountry "POL"]
[BlackCountry "IRQ"]
[WhiteElo "2152"]
[WhiteRD "99"]
[BlackElo "1832"]
[BlackRD "55"]
[GameID "131895"]

1. d4 f5 2. g3 e6 3. Bg2 Nf6 4. c4 Bb4+ 5. Bd2 Be7 6. Nc3 O-O 7. Nf3 d5 8. O-O c6 9. b3 Ne4 10. Qc2 Nd7
11. Rad1 Bf6 12. Bf4 Qe7 13. Ne5 Bxe5 14. dxe5 g5 15. Be3 f4 16. Bc1 Nxc3 17. Qxc3 Qg7 18. Bb2 Rf5 19. e4 fxe3 20. fxe3 Nf8
21. Rxf5 exf5 22. cxd5 cxd5 23. Bxd5+ Be6 24. Bg2 Rc8 25. Qd2 b6 26. Rc1 Rc7 27. Rxc7 Qxc7 28. Qd6 Qf7 29. Qd8 h6 30. Ba3 Kg7
31. Be7 Nd7 32. Bc6 Qg8 33. Bf6+ Nxf6 34. Qxf6+ Kh7 35. Qe7+ Qf7 36. Qxf7+ Bxf7 37. Bd7
1-0

[Event "belive in your chess"]
[Site "SchemingMind.com"]
[Date "2007.12.07"]
[Round "-"]
[White "Brodaty"]
[Black "badbishop"]
[Result "1-0"]
[WhiteCountry "POL"]
[BlackCountry "POL"]
[WhiteElo "2245"]
[WhiteRD "88"]
[BlackElo "2270"]
[BlackRD "73"]
[GameID "131896"]

1. d4 Nf6 2. c4 g6 3. Nc3 Bg7 4. e4 d6 5. Nf3 O-O 6. Be2 Nbd7 7. O-O e5 8. Be3 Re8 9. d5 Nh5 10. g3 Bf8
11. Ne1 Ng7 12. Nd3 f5 13. f3 Be7 14. Qd2 Nf6 15. c5 fxe4 16. fxe4 Ng4 17. Bxg4 Bxg4 18. Rac1 Rf8 19. Rxf8+ Bxf8 20. Nf2 Bd7
21. c6 bxc6 22. dxc6 Be6 23. Nd5 Ne8 24. Rc3 Nf6 25. Bg5 Bxd5 26. Bxf6 Qxf6 27. Ng4 Qe7 28. Qxd5+ Kh8 29. Rf3 Qg5 30. Ne3 Qh5
31. Qd1 Bh6 32. Nd5 Rb8 33. b3 Bg7 34. Nxc7 Rc8 35. Kg2
1-0

[Event "belive in your chess"]
[Site "SchemingMind.com"]
[Date "2007.12.07"]
[Round "-"]
[White "Brodaty"]
[Black "drunkenmaster"]
[Result "1-0"]
[WhiteCountry "POL"]
[BlackCountry "PHI"]
[WhiteElo "2245"]
[WhiteRD "88"]
[BlackElo "1868"]
[BlackRD "76"]
[GameID "131897"]

1. d4 Nf6 2. c4 d6 3. Nc3 Nbd7 4. e4 e5 5. Nf3 Be7 6. Be2 O-O 7. O-O c6 8. Be3 Qc7 9. Rc1 a6 10. h3 Qb8
11. b4 exd4 12. Nxd4 Re8 13. Qc2 Bf8 14. Rfd1 h6 15. a3 a5 16. b5 Qc7 17. Rb1 Nc5 18. Bf3 Nfd7 19. a4 Ne5 20. Be2 Ned7
21. Nf5 Nf6 22. Rd4 Bxf5 23. exf5 Rad8 24. Rbd1 Nfd7 25. Bf4 Ne5 26. bxc6 bxc6 27. Ne4 Nxe4 28. Rxe4 f6 29. Bh5 Re7 30. Red4 Red7
31. Be3
1-0

[Event "belive in your chess"]
[Site "SchemingMind.com"]
[Date "2007.12.04"]
[Round "-"]
[White "Brodaty"]
[Black "JasonY1982"]
[Result "1-0"]
[WhiteCountry "POL"]
[BlackCountry "USA"]
[WhiteElo "2207"]
[WhiteRD "91"]
[BlackElo "1929"]
[BlackRD "63"]
[GameID "131899"]

1. d4 Nf6 2. Bg5 e6 3. e4 Be7 4. Nc3 d5 5. e5 Nfd7 6. Bxe7 Qxe7 7. f4 a6 8. Nf3 c5 9. dxc5 Nxc5 10. Bd3 Nxd3+
11. Qxd3 Nc6 12. O-O-O b5 13. Ne2 Bb7 14. Kb1 Rc8 15. Ned4 Nb4 16. Qd2 O-O 17. f5 Nc6 18. Qf4 exf5 19. Nxf5 Qc7 20. Qg5 f6
21. exf6 Rxf6 22. Rhe1 Rg6 23. Qh5 Rf6 24. Ng5 h6 25. Re8+ Rxe8 26. Qxe8+ Rf8 27. Qxf8+
1-0

[Event "belive in your chess"]
[Site "SchemingMind.com"]
[Date "2007.12.04"]
[Round "-"]
[White "Brodaty"]
[Black "Chess_Man01"]
[Result "1/2-1/2"]
[WhiteCountry "POL"]
[BlackCountry "GBR"]
[WhiteElo "2245"]
[WhiteRD "88"]
[BlackElo "2288"]
[BlackRD "58"]
[GameID "131900"]

1. d4 Nf6 2. c4 e6 3. g3 c6 4. Bg2 d5 5. Nf3 Bd6 6. O-O O-O 7. Nc3 Nbd7 8. Nd2 Re8 9. e4 dxe4 10. Ndxe4 Bf8
11. Bf4 Nxe4 12. Nxe4 Qb6 13. Qd2 e5 14. Be3 exd4 15. Bxd4 c5 16. Bc3 Ne5 17. Ng5 Nxc4 18. Qf4 Qg6 19. Nxh7 Qxh7 20. Qxc4 Bh3
21. Rad1 Rad8 22. Rfe1 Rxd1 23. Rxd1 Bxg2 24. Kxg2 a6 25. Rd7 Qg6 26. Qd5 b5 27. h4 Qe6 28. Qxe6 Rxe6 29. Kf3 g6=
1/2-1/2

[Event "belive in your chess"]
[Site "SchemingMind.com"]
[Date "2007.12.05"]
[Round "-"]
[White "keen"]
[Black "Brodaty"]
[Result "0-1"]
[WhiteCountry "SCO"]
[BlackCountry "POL"]
[WhiteElo "1766"]
[WhiteRD "67"]
[BlackElo "2139"]
[BlackRD "97"]
[GameID "131901"]

1. e4 e6 2. d4 d5 3. e5 c5 4. c3 Nc6 5. Nf3 Bd7 6. Be2 Nge7 7. O-O Ng6 8. a3 Be7 9. Be3 O-O 10. Nbd2 cxd4
11. cxd4 Rc8 12. Bd3 f5 13. exf6 Rxf6 14. Bg5 Rf8 15. Bxe7 Ncxe7 16. Qb1 Nf5 17. Re1 Qf6 18. Ne5 Nfh4 19. Rf1 Nxe5 20. dxe5 Qg5
21. Bxh7+ Kh8 22. g3 Qxd2 23. gxh4 Bb5
0-1

[Event "belive in your chess"]
[Site "SchemingMind.com"]
[Date "2007.12.05"]
[Round "-"]
[White "littleboo"]
[Black "Brodaty"]
[Result "0-1"]
[WhiteCountry "USA"]
[BlackCountry "POL"]
[WhiteElo "1867"]
[WhiteRD "86"]
[BlackElo "2258"]
[BlackRD "91"]
[GameID "131902"]

1. e4 c5 2. Nc3 d6 3. Nf3 Nf6 4. d4 cxd4 5. Nxd4 a6 6. Be2 e5 7. Nf3 Be7 8. O-O O-O 9. Bc4 Be6 10. Bxe6 fxe6
11. Qd3 Nc6 12. Bg5 h6 13. Bxf6 Rxf6 14. a3 Qc7 15. Ne2 Rc8 16. c4 Nb8 17. Rfd1 Nd7 18. Rac1 Rff8 19. b3 a5 20. Ng3 Nc5
21. Qe3 a4 22. b4 Nb3 23. Rc2 b5 24. c5 dxc5 25. Qc3 Rfd8 26. Rxd8+ Rxd8 27. Nf1 c4 28. Ne3 Nd4 29. Rd2 Nxf3+ 30. gxf3 Rxd2
31. Qxd2 Bg5 32. Qc3 Qd6 33. Nc2 Bf4 34. Qa1 Qd3 35. Ne1 Qd2 36. h4 Qc1 37. Qxc1 Bxc1 38. Nc2 Kf7 39. Kg2 Kf6 40. Kf1 Kg6
41. Kg2 Kh5 42. Kh3 g5 43. hxg5 Kxg5 44. Kg3 h5 45. Kh3 Kf4 46. Kg2 h4 47. Ne1 Bxa3 48. Nc2 Bb2 49. Kh3 Kxf3 50. Ne1+ Kxf2
51. Nc2 Ke2 52. Kxh4 Kd2 53. Kg5 Kxc2 54. Kf6 Kd3 55. Kxe6 Kxe4 56. Kd6 c3 57. Kc5 c2 58. Kxb5 c1=Q
0-1

[Event "belive in your chess"]
[Site "SchemingMind.com"]
[Date "2007.12.04"]
[Round "-"]
[White "MichaelDV"]
[Black "Brodaty"]
[Result "1/2-1/2"]
[WhiteCountry "SWE"]
[BlackCountry "POL"]
[WhiteElo "2316"]
[WhiteRD "63"]
[BlackElo "2207"]
[BlackRD "91"]
[GameID "131903"]

1. d4 Nf6 2. Nf3 e6 3. c4 b6 4. g3 Bb7 5. Bg2 Be7 6. O-O O-O 7. d5 exd5 8. Nh4 c6 9. cxd5 Nxd5 10. Nf5 Nc7
11. e4 d5 12. Nc3 Bf6 13. exd5 cxd5 14. Bf4 Nba6 15. Re1 Bc8 16. Nd6 Be6 17. Nxd5 Nxd5 18. Bxd5 Bxd5 19. Qxd5 Bxb2 20. Rad1 Nc5
21. Re3 Qd7 22. Bg5 Ne6 23. Bh4 g6 24. f4 Qa4 25. Re4 Qa5 26. Qxa5 bxa5 27. Rd5 Bc3 28. Nxf7 Rxf7 29. Rxe6 Rb8 30. Rd3 Bg7=
1/2-1/2

[Event "belive in your chess"]
[Site "SchemingMind.com"]
[Date "2007.12.04"]
[Round "-"]
[White "z"]
[Black "Brodaty"]
[Result "0-1"]
[WhiteCountry "IRQ"]
[BlackCountry "POL"]
[WhiteElo "1825"]
[WhiteRD "57"]
[BlackElo "2139"]
[BlackRD "97"]
[GameID "131904"]

1. f4 d5 2. e3 Nf6 3. Nf3 g6 4. b3 Bg7 5. Bb2 O-O 6. Be2 c5 7. O-O Nc6 8. Qe1 d4 9. Ne5 Nxe5 10. fxe5 Ng4
11. Bxg4 Bxg4 12. exd4 cxd4 13. Qe4 Bf5 14. Qxd4 Qxd4+ 15. Bxd4 Bxc2 16. Na3 Bf5 17. Bb2 Rac8 18. d4 Rfd8 19. Rfd1 Bh6 20. d5 Bg4
21. Nc4 Bxd1 22. Rxd1 b5 23. Na5 Be3+ 24. Kf1 Bb6 25. b4 Rc2 26. Bd4 Rxd5 27. Nb3 Rc4
0-1

[Event "belive in your chess"]
[Site "SchemingMind.com"]
[Date "2007.12.07"]
[Round "-"]
[White "badbishop"]
[Black "Brodaty"]
[Result "1/2-1/2"]
[WhiteCountry "POL"]
[BlackCountry "POL"]
[WhiteElo "2264"]
[WhiteRD "71"]
[BlackElo "2207"]
[BlackRD "91"]
[GameID "131905"]

1. e4 e6 2. d4 d5 3. Nc3 Bb4 4. exd5 exd5 5. Bd3 Nc6 6. a3 Bxc3+ 7. bxc3 Nge7 8. Qf3 Be6 9. Rb1 b6 10. Ne2 Qd7
11. O-O Bf5 12. Ng3 Bxd3 13. cxd3 O-O 14. Nh5 f6 15. Re1 Ng6 16. Bd2 Kh8 17. Nf4 Nxf4 18. Bxf4 Rae8 19. h3 Nd8 20. Kh2 Ne6
21. Bg3 c6 22. Qf5 g6 23. Qg4 Kg8 24. Bf4 Re7 25. Re3 Nxf4 26. Qxf4=
1/2-1/2